Propuesta para el fortalecimiento fiscal de los departamentos / (Registro nro. 6304)
[ vista simple ]
| 000 -LEADER | |
|---|---|
| fixed length control field | 00973nam a2200217Ia 4500 |
| 003 - CONTROL NUMBER IDENTIFIER | |
| control field | OSt |
| 005 - DATE AND TIME OF LATEST TRANSACTION | |
| control field | 20200824194237.0 |
| 008 - FIXED-LENGTH DATA ELEMENTS--GENERAL INFORMATION | |
| fixed length control field | 191128s2009 ck ac fr 000 0 spa d |
| 020 ## - INTERNATIONAL STANDARD BOOK NUMBER | |
| International Standard Book Number | 9789589916209 |
| 040 ## - CATALOGING SOURCE | |
| Original cataloging agency | CO-JMCR |
| Transcribing agency | CO-JMCR |
| 041 0# - LANGUAGE CODE | |
| Language code of text/sound track or separate title | spa |
| 082 04 - DEWEY DECIMAL CLASSIFICATION NUMBER | |
| Classification number | 349 / |
| Item number | H558p |
| Edition number | 23 |
| 100 1# - MAIN ENTRY--PERSONAL NAME | |
| Personal name | Hernández Gamarra, Antonio, |
| Relator term | autor |
| 9 (RLIN) | 9160 |
| 245 10 - TITLE STATEMENT | |
| Title | Propuesta para el fortalecimiento fiscal de los departamentos / |
| Statement of responsibility, etc. | Antonio Hernández Gamarra |
| 260 ## - PUBLICATION, DISTRIBUTION, ETC. | |
| Place of publication, distribution, etc. | Bogotá : |
| Name of publisher, distributor, etc. | Federación Nacional de Departamentos, |
| Date of publication, distribution, etc. | 2009 |
| 300 ## - PHYSICAL DESCRIPTION | |
| Extent | 395 páginas : |
| Other physical details | retratos a color ; |
| Dimensions | 24 cm. |
| 505 0# - FORMATTED CONTENTS NOTE | |
| Formatted contents note | Resumen ejecutivo -- Fortalecimiento de las competencias departamentales -- Objetivos y lineamientos del código tributario departamental -- Fortalecimiento de las finanzas departamentales -- Ahorro, distribución y utilización de las reglas |
| 650 14 - SUBJECT ADDED ENTRY--TOPICAL TERM | |
| Topical term or geographic name entry element | Fortalecimiento de los departamentos |
| 9 (RLIN) | 9161 |
| 650 14 - SUBJECT ADDED ENTRY--TOPICAL TERM | |
| Topical term or geographic name entry element | Ahorro y distribución de regalías |
| 9 (RLIN) | 9162 |
| 942 ## - ADDED ENTRY ELEMENTS (KOHA) | |
| Source of classification or shelving scheme | Dewey Decimal Classification |
| Koha item type | Books |
| Withdrawn status | Lost status | Source of classification or shelving scheme | Damaged status | Not for loan | Collection code | Home library | Current library | Date acquired | Source of acquisition | Full call number | Barcode | Date last seen | Copy number | Koha item type | Total Checkouts | Price effective from |
|---|---|---|---|---|---|---|---|---|---|---|---|---|---|---|---|---|
| Dewey Decimal Classification | Non-fiction | Biblioteca Pública José María del Castillo y Rada | Biblioteca Pública José María del Castillo y Rada | 12/01/2017 | Donación | 349 / H558p | 430012378 | 05/16/2024 | Ej.1 | Books | ||||||
| Dewey Decimal Classification | Biblioteca Pública José María del Castillo y Rada | Biblioteca Pública José María del Castillo y Rada | 07/16/2025 | 349 / H558p | 201812644 | 09/26/2025 | Ej.1 | Books | 09/26/2025 |